US Cities With The Least Expensive Pizza - Statistics

General Stats
  • This quiz has been taken 23 times
  • The average score is 3 of 10
Answer Stats
State Hint Answer % Correct
Texas $9.66 Austin
71%
Florida $9.60 Orlando
65%
South Carolina $8.91 Charleston
53%
Alabama $9.77 Mobile
29%
Kansas $8.03 Topeka
29%
Texas $8.99 Amarillo
18%
North Carolina $9.67 Ashenville
6%
Arkansas $9.65 Conway
6%
Florida $8.33 Vero Beach
6%
Alabama $9.52 Florence
0%
No matching quizzes found
Score Distribution
Percent of People with Each Score
Percentile by Number Answered
Your Score History
You have not taken this quiz